1684 1617 1143 1279 1250 1953 1508 1867 1765 1522 1062 1564 1040 1123 1379 1751 1393 1191 1885 1861 1965 1296 1793 1087 1907 1486 1062 1766 1345 1774 1782 1788 1892 1712 1450 1912 1384 1887 1370 1734 1583 1245 1269 1749 1901 1339 1046 1857 1106 1714 1139 1971 1833 1701 1832 1481 1654 1059 1738 1538 1330 1320 1004 1315 1745 1668 1654 1408 1496 1691 1543 1742 1898 1120 1610 1273 1536 1317 1770 1652 1661 1399 1959 1802 1916 1783 1664 1656 1326 1196 1434 1878 1063 1511 1827 1347 1483 1802 1554 BCNSPRNW ULIB Ver.6.0+V

เปลี่ยนเป็นภาษาไทย

Change to English
 แสดงรายละเอียดบรรณานุกรม
  กลับหน้าหลัก

Brief Record : Get Marc (ISO 2709) : E-mail record : QR code < ปิดหน้าต่าง
LEADER : 00000nam 2200000uu 4500
001    13399128392
003     ULIB
008    020711s2564 th a 000 0 tha d
020    ^a9786168032169
060    ^aWJ302^bC736
245    ^aComperhensive review of nephrology/^cโอภาส ไตรตานนท์ และคณะ,บรรณาธิการ
250    ^aพิมพ์ครั้งที่ 1
260    ^aกรุงเทพฯ :^bบริษัท เท็กซ์ แอนด์ เจอร์นัล พับลิเคชั่น จำกัด,^c2564
300    ^a682 หน้า;^b26 ซม.
650    ^aโรคไต
945    ^p1000^l0^i009936
945    ^p1000^l0^i009937
945    ^p1000^l0^i009938
999    ^aประนอม เกษจรัล
รายการนี้ยังไม่มีแท็ก
คุณยังไม่ได้ล็อกอิน คุณสามารถมีกิจกรรมร่วมกับเว็บไซต์ได้ แต่ต้องล็อกอินก่อน ::
  ล็อกอิน

รายการสื่อสารสนเทศ

ลำดับที่ ประเภท เลขเรียก/บาร์โค้ด สถานที่ สถานะ
1. วิทยาศาสตร์การแพทย์ และสุขภาพ
หนังสือสำรอง
สถานะ=หนังสือสำรอง
WJ302 C736 ฉ.1 
  Barcode: 009936
ห้องสมุดวิทยาเขตสวรรค์ประชารักษ์
►หนังสือทั่วไป
บนชั้น
2. วิทยาศาสตร์การแพทย์ และสุขภาพ
วิทยาศาสตร์การแพทย์ และสุขภาพ
WJ302 C736 ฉ.2 
  Barcode: 009937
ห้องสมุดวิทยาเขตสวรรค์ประชารักษ์
►หนังสือทั่วไป
บนชั้น
3. วิทยาศาสตร์การแพทย์ และสุขภาพ
วิทยาศาสตร์การแพทย์ และสุขภาพ
WJ302 C736 ฉ.3 
  Barcode: 009938
ห้องสมุดวิทยาเขตสวรรค์ประชารักษ์
►หนังสือทั่วไป
บนชั้น

รายการใกล้เคียง
    หัวเรื่อง [โรคไต]

BibComment


ยังไม่เคยถูกคอมเมนท์

คอมเมนท์ทรัพยากรรายการนี้
  คอมเมนท์: Comperhensive re..


 Copyright 2026. Bcnsprnw @Library